书目信息 |
| 题名: |
多媒体通信技术
|
|
| 作者: | 石方文 , 刘勇 , 孙学康 编著 | |
| 分册: | ||
| 出版信息: | 北京 北京邮电大学出版社 2006.05 |
|
| 页数: | 342页 | |
| 开本: | 25cm | |
| 丛书名: | ||
| 单 册: | ||
| 中图分类: | TN919.85 | |
| 科图分类: | ||
| 主题词: | 多媒体--duo mei ti--计算机通信--通信技术--高等学校--教材 | |
| 电子资源: | ||
| ISBN: | 7-5635-1203-9 | |
| 000 | 01045nam0 2200265 450 | |
| 001 | 012006383019 | |
| 005 | 20070428102034.95 | |
| 010 | @a7-5635-1203-9@dCNY32.00 | |
| 100 | @a20060712d2006 km y0chiy0120 ea | |
| 101 | 0 | @achi |
| 102 | @aCN@b110000 | |
| 105 | @aa a 000yy | |
| 200 | 1 | @a多媒体通信技术@Aduo mei ti tong xin ji shu@f孙学康, 石方文, 刘勇编著@Fsun xue kang,shi fang wen,liu yong bian zhu |
| 210 | @a北京@c北京邮电大学出版社@d2006.05 | |
| 215 | @a342页@c图@d25cm | |
| 300 | @a北京市高等教育精品教材立项项目 | |
| 320 | @a有书目。 | |
| 330 | @a本书是一本用于通信专业本科学习的教材,内容包括多媒体通信的概念、数字音频技术、图像技术基础、电视技术基础、视音频编码标准、视频信息压缩与处理、多媒体数据信息的获取、存储与显示技术、多媒体数据同步技术等。 | |
| 606 | 0 | @a多媒体@Aduo mei ti@x计算机通信@x通信技术@x高等学校@j教材 |
| 690 | @aTN919.85@v4 | |
| 701 | 0 | @a石方文@Ashi fang wen@4编著 |
| 701 | 0 | @a刘勇@Aliu yong@4编著 |
| 701 | 0 | @a孙学康@Asun xue kang@4编著 |
| 801 | 0 | @aCN@c20070428 |
| 905 | @a10447@dTN919.85@eS963 | |
| 多媒体通信技术/孙学康, 石方文, 刘勇编著.-北京:北京邮电大学出版社,2006.05 |
| 342页:图;25cm |
| 北京市高等教育精品教材立项项目 |
| ISBN 7-5635-1203-9:CNY32.00 |
| 本书是一本用于通信专业本科学习的教材,内容包括多媒体通信的概念、数字音频技术、图像技术基础、电视技术基础、视音频编码标准、视频信息压缩与处理、多媒体数据信息的获取、存储与显示技术、多媒体数据同步技术等。 |
| ● |
| 相关链接 |
|
|
|
正题名:多媒体通信技术
索取号:TN919.85/S963
 
预约/预借
| 序号 | 登录号 | 条形码 | 馆藏地/架位号 | 状态 | 备注 |
| 1 | 235674 | 202356743 | 自科库301/301自科库 998排9列3层/ [索取号:TN919.85/S963] | 在馆 | |
| 2 | 235675 | 202356752 | 自科库301/301自科库 998排9列3层/ [索取号:TN919.85/S963] | 在馆 |